Delfino Pescara 1936 Squad 2016-2017 - Statistics

General Stats
  • This quiz has been taken 15 times
  • The average score is 13 of 39
Answer Stats
# Position Nation Player % Correct
- Coach Czech Republic Zdeněk Zeman
85%
10 MF Libya Ahmad Benali
69%
17 FW Italy Gianluca Caprari
69%
8 MF Albania Ledian Memushaj
69%
16 MF Uruguay Gastón Brugman
62%
9 MF Cyprus Grigoris Kastanos
62%
15 FW France Jean-Christophe Bahebeck
62%
- Coach Italy Massimo Oddo
62%
1 GK Italy Vincenzo Fiorillo
62%
6 MF Italy Bryan Cristante
54%
9 FW Albania Rey Manaj
54%
13 MF Ghana Sulley Muntari
54%
31 GK Argentina Albano Bizzarri
46%
11 DF Italy Francesco Zampano
46%
14 DF Argentina Hugo Campagnaro
38%
37 DF Slovakia Norbert Gyömbér
38%
28 MF Romania Alexandru Mitriță
31%
33 MF Senegal Mamadou Coulibaly
31%
21 FW Italy Simone Pepe
31%
20 MF Italy Alberto Aquilani
23%
20 FW Italy Alberto Cerri
23%
19 FW Italy Alberto Gilardino
23%
2 DF Italy Alessandro Crescenzi
23%
3 DF Italy Cristiano Biraghi
23%
13 DF Croatia Dario Župarić
23%
7 MF Italy Valerio Verre
23%
5 MF Italy Alessandro Bruno
15%
86 DF Italy Guglielmo Stendardo
15%
23 DF Albania Leonardo Maloku
15%
44 DF Italy Michele Fornasier
15%
30 FW Croatia Robert Murić
15%
36 MF Argentina Andrés Cubas
8%
83 DF Italy Cesare Bovo
8%
98 FW Italy Ferdinando Del Sole
8%
22 GK Italy Mirko Pigliacelli
8%
35 DF Italy Andrea Coda
0%
26 DF Italy Davide Vitturini
0%
12 GK Italy Gabriele Aldegani
0%
27 FW Italy Stefano Pettinari
0%
No matching quizzes found
Score Distribution
Percent of People with Each Score
Percentile by Number Answered
Your Score History
You have not taken this quiz